Down to business (Record no. 76326)
[ view plain ]
| 000 -LEADER | |
|---|---|
| fixed length control field | 00749cab a2200181 4500 |
| 001 - CONTROL NUMBER | |
| control field | ##L132105 |
| 008 - FIXED-LENGTH DATA ELEMENTS--GENERAL INFORMATION | |
| fixed length control field | 060110n2006 000 0 eng u |
| 035 ## - SYSTEM CONTROL NUMBER | |
| System control number | (Sirsi) u132105 |
| 041 0# - LANGUAGE CODE | |
| Language code of text/sound track or separate title | eng |
| 100 1# - MAIN ENTRY--PERSONAL NAME | |
| Personal name | Downing, Chris |
| 245 00 - TITLE STATEMENT | |
| Title | Down to business |
| 260 ## - PUBLICATION, DISTRIBUTION, ETC. | |
| Date of publication, distribution, etc. | 2006 |
| 490 #0 - SERIES STATEMENT | |
| Series statement | Fire Prevention Fire Engineers Journal |
| Volume/sequential designation | 264 January 2006, 45-66(3) |
| 520 ## - SUMMARY, ETC. | |
| Summary, etc. | Argues that the fire risks in on-site kitchens and data network infrastructures are growing in significance, and are not being properly addressed by employers and building managers. Examines the type and magnitude of these risks, and discusses appropriate fire protection measures. |
| 590 ## - LOCAL NOTE (RLIN) | |
| Local note | IKA170106 |
| 690 ## - LOCAL SUBJECT ADDED ENTRY--TOPICAL TERM (OCLC, RLIN) | |
| Topical term or geographic name as entry element | MANAGEMENT-HEALTH AND SAFETY-FIRE SAFETY |
| 942 ## - ADDED ENTRY ELEMENTS (KOHA) | |
| Suppress in OPAC | 0 |
| Withdrawn status | Lost status | Source of classification or shelving scheme | Damaged status | Not for loan | Home library | Current library | Shelving location | Date acquired | Total Checkouts | Full call number | Barcode | Date last seen | Copy number | Price effective from | Koha item type |
|---|---|---|---|---|---|---|---|---|---|---|---|---|---|---|---|
| Dewey Decimal Classification | London | London | Journal article | 10/01/2006 | L132105 | 132105-1001 | 06/08/2019 | 1 | 06/08/2019 | Archive |